000 01662cam a22004694i 4500
003 PE-LiUPU
005 20250731172709.0
008 150617s1977 miu r 000 0 spa d
035 _a(Sirsi) a10425
040 _aPE-LiUPU
_bspa
_cPE-LiUPU
_erda
049 _aPRUA
082 0 4 _a236
_bM12
_221
100 1 _aMacLeod, Angus,
_eautor.
245 1 3 _aEl fin del mundo /
_cAngus MacLeod.
264 1 _aMichigan :
_bSubcomisión Literatura Cristiana,
_c1977.
300 _a152 páginas ;
_c19 centímetros
336 _atext
_2rdacontent
337 _aunmediated
_2rdamedia
338 _avolume
_2rdacarrier
505 0 _aLa suprema esperanza y visión de la iglesia -- La escatología del dispensacionalismo -- El anticristo -- El hombre de pecado -- La conversión de los Judíos -- Los mil años -- El regreso de Jesucristo.
526 _aSEG42
526 _aSEG41
526 _aSEG40
526 _aSEG39
526 _aP94
526 _aP87
526 _aP86
526 _aP85
526 _aP77
526 _aP76
526 _aP35
650 0 4 _aAnticristo.
_9844
650 0 4 _aEscatología.
_95923
650 0 4 _aSegundo Advenimiento.
910 _ajck
_bjvq
_cjck
_d20150616
942 _2ddc
_cBOOK
949 _a236 M12
_wDEWEY
_c1
_i21037
_lCCODEBUL1
_mBUL
_p00.00
_r0
_sY
_tBOOK
_u19821020
_xTEOLOGIA
_PP35
_0COMPRA
_o.STAFF. Colección General
994 _aC0
_bPEPRU
596 _a1
999 _a236 M12
_wDEWEY
_c471
_i21037
_d471
_e2016-6-13
_f2021-11-11
_g5
_lCCODEBUL1
_mBUL
_n1
_p15.00
_r0
_sY
_tBOOK
_u2015-6-17
_xTEOLOGIA
_PP35
_0COMPRA
_o.STAFF. Colección Teología
980 _81
_gALBERTO SANCHEZ Responsable de Automatización